000 00769nam a2200241Ia 4500
008 130821s1999 sp gr spa
020 _a848323050X
040 _aCo-BoUCM
_bspa
041 0 0 _aspa
100 1 _aAldridge, Susan
_9164012
245 1 3 _aEl hilo de la vida
_c1999
260 _aMadrid (España)
_bCambridge University Press
_c1999
300 _a223 páginas
504 _aIncluye bibliografía
650 0 4 _aADN
_98629
650 0 4 _aADN
_xGenética
_9100584
650 0 4 _aBiología
_910116
650 0 4 _aGenética
_9207
700 1 _aCardénas, Maria Teresa Clará de
_etrad.
_9164013
765 _aThe thread of life. The stoy of genes and genetic engineering
942 _cLIBRO
_a25
_e1
_mA365h
_2DEWEY
_h575.1
999 _c55126
_d55126